00493nam a22001577a 450000500170000001000150001702000260003203500130005803700130007110000260008424500860011026000310019627000660022730000210029370000210031420140321113831.0 aENG-109590 a9789381506448c295.00 aEN-93123 bDBAD/PUB aParthasarathy, Indira aPoison roots /cby Indira Parthasarathy; translated from Tamil by Padma Narayanan aNew DelhibAmaryllisc2014 a7/32, Ground Floor, Ansari Road, DaryaganjbNew Delhie110002 a238p.c18cm(pbk) aNarayanan, Padma